Visualizzazione normale
Vista MARC
- Carli P.
di Personal Name
Records bibliografici associati: 1
001 - CONTROL NUMBER
- control field: 8496
003 - CONTROL NUMBER IDENTIFIER
- control field: IT-RoPau
005 - DATE AND TIME OF LATEST TRANSACTION
- control field: 20140109124436.0
008 - FIXED-LENGTH DATA ELEMENTS
- fixed length control field: 140109|| aca||aabn | a|a d
040 ## - CATALOGING SOURCE
- Original cataloging agency: IT-RoPau
- Transcribing agency: IT-RoPau
100 ## - HEADING--PERSONAL NAME
- Personal name: Carli P.
- Relator term: Autore
- Miscellaneous information: Codice autore SPICS: 26692
- Name of part/section of a work: Vola, si vola
670 ## - SOURCE DATA FOUND
- Source citation: Work cat.: (IT-RoPau)98984: AA.VV. 794, Quanto ti amo